Normal view
MARC view
Entry Geographic Name
001 - CONTROL NUMBER
- control field: 4856
003 - CONTROL NUMBER IDENTIFIER
- control field: OSt
005 - DATE AND TIME OF LATEST TRANSACTION
- control field: 20250926101121.0
008 - FIXED-LENGTH DATA ELEMENTS
- fixed length control field: 250926|| aca||aabn | a|a d
040 ## - CATALOGING SOURCE
- Original cataloging agency: OSt
- Transcribing agency: OSt
151 ## - HEADING--GEOGRAPHIC NAME
- Geographic name: Česko
- General subdivision: sociálna transformácia
670 ## - SOURCE DATA FOUND
- Source citation: Work cat.: (OSt)0: Zpráva o vývoji české společnosti 1989-1998, 1998